|
|
|
|
| LEADER |
00684nam a22001932a 4500 |
| 001 |
000786193 |
| 003 |
CZ BrMZK |
| 005 |
20050819135853.0 |
| 007 |
ta |
| 008 |
990305s1802 au f |||||||| ||ger d |
| 040 |
|
|
|a BOA001
|b cze
|
| 100 |
1 |
|
|a Crusius, Christian,
|d 1758-1831
|7 mzk2009534930
|4 com
|
| 245 |
1 |
0 |
|a Topographisches Post-Lexikon aller Ortschaften der k.k. Erbländer.
|n T. 3, welcher Ost- und West-Galizien in sich enthält.
|n Bd. 1, A-M /
|c Christian Crusius
|
| 260 |
|
|
|a Wien :
|b Schmidt,
|c 1802
|
| 300 |
|
|
|a 532 s.
|
| 910 |
|
|
|a BOA001
|b 2-0001.760,3/1
|
| 990 |
|
|
|a BK
|
| 993 |
|
|
|a Y
|
| 996 |
6 |
|
|b 2619309412
|c 2-0001.760,3/1
|l MZK
|r Sklad / do 24 hodin
|n 0
|w 000786193
|u 000010
|a 1
|e BOA001
|j MZK50
|s P
|